书目信息 |
| 题名: |
小学生日常对话英语听力
|
|
| 作者: | 林克妈妈 著 | |
| 分册: | 1 | |
| 出版信息: | 武汉 湖北教育出版社 2018.9 |
|
| 页数: | 191页 | |
| 开本: | 24cm | |
| 丛书名: | 林克妈妈私家少儿英语教材系列 | |
| 单 册: | ||
| 中图分类: | H31 , G623.31 | |
| 科图分类: | ||
| 主题词: | 教育--各级--听说教学--小学--课外读物 | |
| 电子资源: | ||
| ISBN: | 978-7-5564-1524-3 | |
| 000 | 01495nam2 2200301 45 | |
| 001 | 012001001351 | |
| 005 | 20210922171142.95 | |
| 010 | @a978-7-5564-1524-3@dCNY36.80 | |
| 100 | @a20171222d2017 cd y0chiy0110 ea | |
| 101 | 0 | @achi |
| 102 | @aCN@b420000 | |
| 105 | @aa z 000yy | |
| 106 | @ar | |
| 200 | 1 | @a小学生日常对话英语听力@Axiao xue sheng ri chang dui hua ying yu ting li@e林克妈妈的听力直通车@h1@e升级版@f林克妈妈著 |
| 210 | @a武汉@c湖北教育出版社@d2018.9 | |
| 215 | @a191页@c图@d24cm@e附《直通考场》1册(29页;23cm) | |
| 225 | 2 | @a林克妈妈私家少儿英语教材系列 |
| 300 | @a其他题名:林克妈妈的听力直通车 | |
| 330 | @a本书结合日常生活中的常用语,并模仿家庭场景制定了“家庭剧场”,意在从浅处着手,让孩子在日常生活中学习英文,练习听力,并增强家长与孩子的互动,让孩子在家长的带领下,共同学习,共同进步。“魔力句”和“加分句”的设置可以提高孩子的学习兴趣,通过对话的形式让孩子理解和记忆单词、句子。本书延续了林克妈妈私家少儿英语系列丛书的风,仍然是寓教于乐,增强家长与孩子的互动,让孩子在日常生活中快乐学英文。听力是英语学习中的重要部分,本书将通过日常生活中的一些主要场景对话来提高孩子的听说能力。让孩子每天都能练习口语和听力。 | |
| 410 | 0 | @12001 @a林克妈妈私家少儿英语教材系列 |
| 461 | 0 | @12001 @a林克妈妈私家少儿英语教材系列 |
| 517 | 1 | @a林克妈妈的听力直通车 |
| 606 | 0 | @a教育@x各级@x听说教学@x小学@j课外读物 |
| 690 | @aH31@v5 | |
| 690 | @aG623.31@v3 | |
| 701 | 0 | @a林克妈妈@Alin ke ma ma@4著 |
| 801 | @aCN@bAHXH@c20210922 | |
| 905 | @b1251605-9@dG623.31@e1523:1@f5 | |
| 小学生日常对话英语听力:林克妈妈的听力直通车.1:升级版/林克妈妈著.-武汉:湖北教育出版社,2018.9 |
| 191页:图;24cm+附《直通考场》1册(29页;23cm).-(林克妈妈私家少儿英语教材系列) |
| 其他题名:林克妈妈的听力直通车 |
| ISBN 978-7-5564-1524-3:CNY36.80 |
| 本书结合日常生活中的常用语,并模仿家庭场景制定了“家庭剧场”,意在从浅处着手,让孩子在日常生活中学习英文,练习听力,并增强家长与孩子的互动,让孩子在家长的带领下,共同学习,共同进步。“魔力句”和“加分句”的设置可以提高孩子的学习兴趣,通过对话的形式让孩子理解和记忆单词、句子。本书延续了林克妈妈私家少儿英语系列丛书的风,仍然是寓教于乐,增强家长与孩子的互动,让孩子在日常生活中快乐学英文。听力是英语学习中的重要部分,本书将通过日常生活中的一些主要场景对话来提高孩子的听说能力。让孩子每天都能练习口语和听力。 |
| ● |
| 相关链接 |
|
|
|
|
正题名:小学生日常对话英语听力
索取号:G623.31/1523:1
 
预约/预借
| 序号 | 登录号 | 条形码 | 馆藏地/架位号 | 状态 | 备注 |
| 1 | 1251605 | 212516053 | 第一样本阅览室/ [索取号:G623.31/1523:1] | 在馆 | |
| 2 | 1251606 | 212516062 | 教育系资料室/ [索取号:G623.31/1523:1] | 在馆 | |
| 3 | 1251607 | 212516071 | 教育系资料室/ [索取号:G623.31/1523:1] | 在馆 | |
| 4 | 1251608 | 212516080 | 第四借阅区/ [索取号:G623.31/1523:1] | 在馆 | |
| 5 | 1251609 | 212516099 | 第四借阅区/ [索取号:G623.31/1523:1] | 在馆 |